4 letter words in city names in Africa Version 2 - Statistics

General Stats
  • This quiz has been taken 8 times
  • The average score is 7 of 15
Answer Stats
Country 4 letter word Answer % Correct
Sierra Leone free Freetown
100%
Somalia dish Mogadishu
100%
Egypt swan Aswan
75%
Central African Republic bang Bangui
63%
Benin port Porto Novo
63%
Morocco rake Marrakesh
50%
Democratic Republic of the Congo bash Lubumbashi
38%
Nigeria maid Maiduguri
38%
Malawi tyre (yes I am using Brittish spelling here) Blantyre
25%
Angola bind Cabinda
25%
Zambia chip Chipata
25%
Uganda bale Mbale
25%
South Africa cast Newcastle
25%
Democratic Republic of the Congo band Mbandaka
13%
Senegal inch Ziguinchor
0%
No matching quizzes found
Score Distribution
Percent of People with Each Score
Percentile by Number Answered
Your Score History
You have not taken this quiz